[Event "Stay Safe Play From Home 184"]
[Site "T#646426Emanuel Laske"]
[Date "2020.05.29"]
[Round "9"]
[White "Mepe_Nika"]
[Black "The Next Contender"]
[Result "1/2-1/2"]
[WhiteElo "2309"]
[BlackElo "1977"]
[Annotator "TA"]
[PlyCount "118"]
[EventDate "2020.05.29"]
[EventType "swiss (blitz)"]

{[%evp 9,117,46,39,7,12,-2,31,35,52,0,0,0,-3,0,36,0,58,16,7,-2,33,8,8,24,47,47,50,-129,-114,-125,-123,-113,-110,-220,-86,-103,-90,-193,-72,-95,-59,-74,-61,-63,-68,-57,-62,-62,-57,-112,-112,-118,-118,-181,0,-176,-105,-146,-33,-34,-8,-8,-8,-202,-202,-472,-313,-313,-313,-313,-313,-834,-201,-202,-202,-202,-202,-202,-202,-202,-202,-202,-202,-202,-202,-202,-202,-202,-202,-202,-202,-202,-8,-8,-8,-8,-8,-8,-8,-8,-8,-8,-8,-8,-8,-8,-8,-8,-8,-8]} 1. d4 d5 2. Bf4 c6 3. e3 Nf6 4. c4 g6 5. Nc3 Bg7 6. h4 {D82: Grünfeld: 4 Bf4.} O-O 7. Be2 {[#]} h5 $146 ({Predecessor:} 7... Bf5 8. g4 Bc8 9. g5 Ne4 10. h5 Nxc3 11. bxc3 Bf5 12. Nf3 Bg4 13. hxg6 fxg6 {½-½ (37) Alefs,H (1558)-Jurgan,B (1239) Bergen 2012}) 8. Nf3 {White is slightly better.} Nbd7 9. Ne5 (9. cxd5 $14 cxd5 10. O-O) 9... Nxe5 $11 10. Bxe5 dxc4 11. Bxc4 e6 12. Qf3 Nd5 (12... Ng4 $11) 13. Bxg7 Kxg7 14. Rc1 b6 15. g4 hxg4 16. Qxg4 Rh8 17. h5 Nf6 18. h6+ $2 {[#]} (18. Qg5 $14 {stays ahead.}) 18... Rxh6 $17 19. Qg2 Rxh1+ 20. Qxh1 Bb7 21. Ke2 (21. Be2 $17) 21... Qh8 (21... Qc7 $19 {Threatens to win with ...Rh8.} 22. Bd3 Rh8) 22. Qf3 Qh5 23. Bd3 (23. Qxh5 $17 {was necessary.} gxh5 24. Bd3) 23... Rh8 (23... Qxf3+ $19 {has better winning chances.} 24. Kxf3 c5+ 25. Ke2 cxd4 26. exd4 Rd8) 24. Qxh5 Rxh5 (24... gxh5 {seems wilder.} 25. Ne4 Ne8 26. f3 Kf8 27. Nf2 Ke7) 25. Ne4 Nxe4 26. Bxe4 {[%mdl 4096] Endgame KRB-KRB} Ra5 27. a3 Ba6+ 28. Kd2 c5 29. dxc5 ({White should try} 29. d5 $15) 29... Rxc5 30. Rxc5 bxc5 $15 {KB-KB} 31. Kc3 (31. Bd3 $17 {was worth a try.} Bb7 32. e4) 31... f5 $2 {[#]} ({Better is} 31... g5 $19 32. Bc6 f5) 32. Bc6 $2 (32. Bd3 $11 {and White stays safe.} Bxd3 33. Kxd3) 32... e5 ({Black should play} 32... g5 $19 33. Bd7 Kf6) 33. f4 $17 exf4 (33... Kf6 $17 34. Kd2 g5 35. fxg5+ Kxg5) 34. exf4 $15 Kf6 {Threatening ...g5.} 35. b4 $1 cxb4+ 36. Kxb4 $2 (36. axb4 $11 {and White is okay.} Be2 37. Bd7) 36... g5 $19 37. Ka5 $2 (37. fxg5+ Kxg5 38. Kc3) 37... Be2 38. fxg5+ Kxg5 39. Kb4 f4 40. Kc3 $2 (40. a4) 40... f3 $2 (40... Kg4 {And now ...Kg3 would win.} 41. a4 Kg3) 41. Bxf3 Bxf3 {KB-KP} 42. a4 a6 43. a5 Be2 44. Kd2 Bb5 45. Kc3 Kf5 46. Kb2 Ke5 47. Ka1 Kd5 48. Kb2 Kc4 49. Ka1 Kb4 50. Kb2 Kxa5 $2 (50... Bc4 $19 51. Kb1 Kxa5) 51. Ka1 {The position is equal.} Kb4 52. Kb2 a5 {[%cal Ba6a5,Ba5a4,Ba4a3,Ba3a2][%mdl 32]} 53. Ka1 a4 54. Kb2 a3+ 55. Ka1 Kb3 56. Kb1 Bd3+ 57. Ka1 Bc4 58. Kb1 a2+ 59. Ka1 Ka3 {Whites escaped into a draw. Accuracy: White = 47%, Black = 53%.} 1/2-1/2

[Event "Stay Safe Play From Home 184"]
[Site "T#646426Emanuel Laske"]
[Date "2020.05.29"]
[Round "9"]
[White "Little champs"]
[Black "Eidgenosse"]
[Result "0-1"]
[WhiteElo "2120"]
[BlackElo "2463"]
[Annotator "RC"]
[PlyCount "34"]
[EventDate "2020.05.29"]
[EventType "swiss (blitz)"]

1. d4 {[%emt 0:00:03]} d6 {[%emt 0:00:00]} 2. e3 {[%emt 0:00:00]} Nf6 {[%emt 0:00:00]} 3. Nf3 {[%emt 0:00:00]} g6 {[%emt 0:00:00]} 4. Be2 {[%emt 0:00:00]} Bg7 {[%emt 0:00:00]} 5. O-O {[%emt 0:00:00]} O-O {[%emt 0:00:00]} 6. c4 {[%emt 0:00:00]} Nbd7 {[%emt 0:00:00]} 7. Nc3 {[%emt 0:00:00]} e5 {[%emt 0:00:00]} 8. d5 {[%emt 0:00:00]} a5 {[%emt 0:00:01]} 9. Nd2 {[%emt 0:00:00]} Nc5 {[%emt 0:00:01]} 10. a3 {[%emt 0:00:01]} a4 {[%emt 0:00:01]} 11. f3 {[%emt 0:00:01]} Nh5 {[%emt 0:00:02]} 12. e4 {[%emt 0:00:01]} Nf4 {[%emt 0:00:01]} 13. Ndb1 {[%emt 0:00:01]} f5 {[%emt 0:00:02]} 14. Bxf4 {[%emt 0:00:05]} exf4 {[%emt 0:00:00]} 15. Qd2 {[%emt 0:00:01]} Nb3 {[%emt 0:00:02]} 16. Qc2 {[%emt 0:00:02]} Nxa1 {[%emt 0:00:01]} 17. Nd2 {[%emt 0:00:01]} Nxc2 {[%emt 0:00:01] Little champs resigns (Lag: Av=0.80s, max=2.0s)} 0-1

[Event "Stay Safe Play From Home 184"]
[Site "T#646426Emanuel Laske"]
[Date "2020.05.29"]
[Round "9"]
[White "SoulofWolf"]
[Black "Rogan"]
[Result "1-0"]
[WhiteElo "2041"]
[BlackElo "2262"]
[Annotator "TA"]
[PlyCount "107"]
[EventDate "2020.05.29"]
[EventType "swiss (blitz)"]

{[%evp 9,107,12,29,0,77,51,38,36,27,11,78,37,44,8,666,-69,-61,-69,-66,-71,-71,-75,-77,-109,-25,-53,-27,-302,-305,-379,-352,-370,-284,-338,-253,-803,-793,-1116,-1113,-1275,-1271,-1773,-1058,-1393,-1087,-1181,-991,-1025,-997,-1068,-1070,-1030,-1044,-1065,-1087,-1065,-1079,-1092,-1077,-1141,-1156,-1136,-1078,-1168,-1158,-1159,-1067,-29994,-29993,-29995,-29993,-29993,-29994,-29996,-29988,-29988,-29989,-29992,-29990,-29990,-29989,-29989,-29990,-29990,-29990,-29991,-29991,-29994,0,-29991,-29991,-29994,-29990,-29993,-29991,-29994,-29992,-29993,-29993,-29993]} 1. f4 d5 2. d3 Nf6 3. g3 Bg4 4. Bg2 c6 {[#]} 5. h3 $146 ({Predecessor:} 5. Nd2 e6 6. h3 Bh5 7. g4 Bg6 8. e4 dxe4 9. dxe4 h6 10. Ne2 Bc5 11. f5 exf5 12. exf5 {½-½ (71) Serafimov,T (2401)-Feller,S (2345) Mulhouse 2006}) 5... Be6 6. Bd2 {A03: Bird's Opening with 1...d5.} h5 (6... Qb6 $11 {remains equal.}) 7. e3 Qb6 8. b3 {White is slightly better.} Nbd7 9. Ne2 a5 (9... Bf5 $11) 10. Bc3 (10. e4 $5 {[%cal Rf4f5]}) 10... a4 ({Don't go for} 10... Qxe3 $2 11. Bd4 $18) 11. b4 Qxe3 $2 {[%mdl 8192]} (11... Bf5 $11) 12. a3 $2 ({Only move:} 12. Bd4 $18 Qxe2+ 13. Qxe2) 12... Qb6 $15 13. Bd4 Qc7 14. O-O {next f5 is good for White.} Bf5 15. Qe1 e6 16. Qf2 c5 (16... Be7 $17 17. Be3 O-O) 17. bxc5 $11 Bxc5 18. c3 $2 {[%mdl 8192]} (18. Bxc5 $11 {and White is okay.} Nxc5 19. Nd4) 18... Bxd3 $19 19. Rd1 Bxe2 20. Qxe2 Bxd4+ 21. Rxd4 Nc5 {...Nb3 is the strong threat.} 22. c4 $2 (22. Nd2) 22... Nb3 {[%mdl 64] [#] Double Attack} 23. cxd5 Nxd4 24. Qb2 Qc5 {( -> ...Nf3+!)} 25. Kh2 Nxd5 26. Ra2 O-O 27. Nd2 {[#]} Nb3 $1 28. Ne4 (28. Nxb3 axb3) 28... Qd4 29. Qe2 Nc3 30. Nxc3 Qxc3 31. Rc2 Qf6 32. Qxh5 Rac8 33. Rf2 g6 34. Qg4 Rc3 35. h4 Qf5 36. Qe2 Rfc8 37. Bh3 Qd3 38. Qe1 Qxg3+ {[%mdl 64] Double Attack} 39. Kh1 Qxh3+ 40. Rh2 Qf3+ {[%mdl 64] Double Attack} 41. Kg1 Qg3+ 42. Qxg3 Rxg3+ 43. Kf2 Rgc3 44. Rg2 Rc2+ 45. Kg1 Rxg2+ 46. Kxg2 Rc2+ 47. Kg3 Rc3+ 48. Kg4 Rc2 $2 (48... Kg7 {mates} 49. h5 f5+ 50. Kh4 gxh5 51. Kxh5 Kf6 52. Kh4 Nd4 53. Kh5 Rh3#) 49. h5 $2 {[%mdl 8192]} (49. Kg3 $11 Rc3+ 50. Kg4 f5+ 51. Kg5 Kg7 52. h5 gxh5 {[%mdl 64] Overworked Piece} 53. Kxh5 Kf6 54. Kh4 Nd4 55. Kh5 Rh3#) 49... Rc3 {Black mates.} 50. h6 Re3 51. h7+ Kg7 52. Kg5 Kxh7 53. f5 Kg7 54. f6+ {[%mdl 32768] Black used his chance. Accuracy: White = 22%, Black = 44%. . Loss on time!?} 1-0

[Event "Stay Safe Play From Home 184"]
[Site "T#646426Emanuel Laske"]
[Date "2020.05.29"]
[Round "9"]
[White "Lazieri3"]
[Black "Broken sword"]
[Result "0-1"]
[WhiteElo "2037"]
[BlackElo "2538"]
[Annotator "TA"]
[PlyCount "102"]
[EventDate "2020.05.29"]
[EventType "swiss (blitz)"]

{[%evp 9,102,-37,-39,-56,-56,-65,-58,-69,-66,-155,-107,-110,-97,-162,-148,-158,-154,-209,-142,-227,-144,-147,-141,-156,-92,-90,-88,-112,-87,-110,-86,-121,-78,-227,-137,-165,-113,-237,-231,-215,-113,-169,-164,-184,-187,-195,-187,-204,-190,-235,-229,-226,-141,-312,-150,-289,1068,601,593,603,603,592,567,566,561,551,551,551,568,563,773,751,766,764,1253,766,766,766,777,649,766,758,758,0,756,0,751,735,694,632,747,610,610,409,402]} 1. e4 c5 2. Nc3 e6 3. d3 a6 4. Nf3 d5 5. Bg5 {[#]} f6 $146 ({Predecessor:} 5... Be7 6. Bxe7 Nxe7 7. d4 cxd4 8. Qxd4 O-O 9. exd5 exd5 10. Bd3 Nbc6 11. Qh4 Bf5 12. O-O-O Bxd3 13. Rxd3 {0-1 (58) Sana,M (2132)-Sheng,J (2236) Orlando 2014}) 6. Bh4 {B40: Sicilian: 2...e6, Unusual lines.} d4 7. Ne2 Nc6 8. h3 {Black is slightly better.} e5 9. Nh2 (9. Nc1 $15) 9... Be6 10. f4 Bd6 11. fxe5 (11. f5 $17 {is a better defense.} Bf7 12. g4) 11... Nxe5 $19 ({Resist} 11... Bxe5 12. Nf3 $17) 12. Nf4 Bf7 {Threatens to win with ...g5.} 13. Bg3 (13. Bf2 $17) 13... Ne7 14. Nf3 (14. Be2 $17 {might work better.}) 14... Qd7 15. Nxe5 Bxe5 16. Ne2 Nc6 (16... Bxg3+ $142 17. Nxg3 O-O) 17. Bxe5 Nxe5 18. Qd2 O-O-O 19. b3 Kb8 20. a4 Rhe8 21. O-O-O (21. Ng3 $17) 21... Qc7 22. Kb2 {[#]} Qb6 ({Better is} 22... c4 $1 $19 {[%mdl 512]} 23. dxc4 (23. bxc4 Bxc4) 23... d3) 23. Nf4 {[#]} (23. Ka1 $17 {keeps fighting.}) 23... c4 $1 {[%cal Rc4c3]} 24. dxc4 Bxc4 ({Black should play} 24... d3 $1 $19 {Hoping for ...Nxc4+.} 25. Ka1 dxc2 26. Qxc2 Rxd1+ 27. Qxd1 Qe3) 25. Ka2 (25. Ka1 $17 d3 26. bxc4 Nxc4 27. Qc3 Rxe4 28. Bxd3) 25... Bf7 26. Nd5 Bxd5 27. exd5 Rxd5 28. Bd3 Rc8 29. Rhe1 h6 30. Be4 Rd6 31. g4 $2 (31. c4 $17 {was worth a try.}) 31... Qc5 (31... Rc3 $19 {...Qb4 is the strong threat.} 32. Bf5 Qc5) 32. Bf5 (32. c4 $17 {was necessary.}) 32... Qxc2+ $4 {[%mdl 8192]} (32... Nf3 $19 33. Qf4 Nxe1 34. Rxe1 Rc7 35. Re8+ Ka7) 33. Qxc2 Rxc2+ 34. Bxc2 d3 35. Bb1 Rd4 36. Rxe5 fxe5 37. Rxd3 $18 {[%mdl 4096] Endgame KRB-KR} Rf4 38. Rd7 Rf2+ 39. Ka3 Rf3 40. Bf5 Rxh3 41. Rxg7 h5 42. Re7 hxg4 43. Bxg4 Re3 44. Bf5 a5 45. Be6 Rd3 46. Bf5 $2 (46. Rd7 $18 Rxd7 47. Bxd7) 46... Rd4 $2 {[%mdl 8192]} (46... Re3 $11 47. Kb2 b6) 47. Be6 $2 (47. Rxe5 $18 b6 48. Re7) 47... e4 $2 {[%mdl 8192]} (47... Rd3 $11 48. Bc4 Rd2 49. Rxe5 b6) 48. Bc4 Kc8 49. Bb5 Kd8 50. Re8+ Kc7 51. Re5 Kd6 {[%mdl 32768] White used his chance. Accuracy: White = 43%, Black = 43%. . Sensor Board Error (Ke4/e5)?} 0-1

[Event "Stay Safe Play From Home 184"]
[Site "T#646426Emanuel Laske"]
[Date "2020.05.29"]
[Round "9"]
[White "Grizzzly"]
[Black "Justwatch"]
[Result "0-1"]
[WhiteElo "1723"]
[BlackElo "1711"]
[Annotator "NA RC"]
[PlyCount "104"]
[EventDate "2020.05.29"]
[EventType "swiss (blitz)"]

1. d4 {[%emt 0:00:00]} Nf6 {[%emt 0:00:01]} 2. c4 {[%emt 0:00:00]} g6 {[%emt 0:00:01]} 3. Nc3 {[%emt 0:00:01]} Bg7 {[%emt 0:00:00]} 4. e4 {[%emt 0:00:00]} O-O {[%emt 0:00:00]} 5. Nf3 {[%emt 0:00:00]} d6 {[%emt 0:00:00]} 6. Be2 {[%emt 0:00:00]} Bg4 {[%emt 0:00:01]} 7. O-O {[%emt 0:00:01]} Bxf3 {[%emt 0:00:00]} 8. Bxf3 {[%emt 0:00:01]} Nc6 {[%emt 0:00:00]} 9. Be3 {[%emt 0:00:01]} Nd7 {[%emt 0:00:00]} 10. d5 {[%emt 0:00:02]} Nce5 {[%emt 0:00:01]} 11. Qe2 {[%emt 0:00:02]} Nb6 {[%emt 0:00:02]} 12. b3 {[%emt 0:00:02]} Nxf3+ {[%emt 0:00:01]} 13. Qxf3 {[%emt 0:00:03]} Bxc3 {[%emt 0:00:01]} 14. Bh6 {[%emt 0:00:02]} Bxa1 {[%emt 0:00:02]} 15. Rxa1 {[%emt 0:00:02]} Nd7 {[%emt 0:00:04]} 16. Bxf8 {[%emt 0:00:03]} Qxf8 {[%emt 0:00:00]} 17. Re1 {[%emt 0:00:02]} Qg7 {[%emt 0:00:01]} 18. g4 {[%emt 0:00:02]} Ne5 {[%emt 0:00:00]} 19. Qg3 {[%emt 0:00:02]} a6 {[%emt 0:00:01]} 20. f4 {[%emt 0:00:00]} Nd7 {[%emt 0:00:01]} 21. h4 {[%emt 0:00:02]} Qd4+ {[%emt 0:00:00]} 22. Kg2 {[%emt 0:00:01]} Nc5 {[%emt 0:00:01]} 23. Rh1 {[%emt 0:00:01]} Nxe4 {[%emt 0:00:01]} 24. Qf3 {[%emt 0:00:03]} Qd2+ {[%emt 0:00:01]} 25. Kf1 {[%emt 0:00:03]} Nc3 {[%emt 0:00:04]} 26. h5 {[%emt 0:00:05]} Re8 {[%emt 0:00:03]} 27. hxg6 {[%emt 0:00:01]} fxg6 {[%emt 0:00:00]} 28. Qh3 {[%emt 0:00:01]} Qxf4+ {[%emt 0:00:03]} 29. Kg2 {[%emt 0:00:02]} h6 {[%emt 0:00:03]} 30. Qxh6 {[%emt 0:00:01]} Qxh6 {[%emt 0:00:01]} 31. Rxh6 {[%emt 0:00:00]} Kg7 {[%emt 0:00:00]} 32. Rh4 {[%emt 0:00:01]} Ne4 {[%emt 0:00:01]} 33. Kf3 {[%emt 0:00:01]} Ng5+ {[%emt 0:00:01]} 34. Kf4 {[%emt 0:00:01]} Nf7 {[%emt 0:00:00]} 35. Kf3 {[%emt 0:00:01]} Nh6 {[%emt 0:00:00]} 36. Rh1 {[%emt 0:00:01]} Rf8+ {[%emt 0:00:00]} 37. Ke3 {[%emt 0:00:01]} Nxg4+ {[%emt 0:00:02]} 38. Kd3 {[%emt 0:00:01]} Nf6 {[%emt 0:00:00]} 39. Re1 {[%emt 0:00:01]} Rh8 {[%emt 0:00:00]} 40. Rxe7+ {[%emt 0:00:01]} Kh6 {[%emt 0:00:01]} 41. Rxc7 {[%emt 0:00:00]} Kg5 {[%emt 0:00:00]} 42. Rxb7 {[%emt 0:00:01]} Rh2 {[%emt 0:00:00]} 43. Rb6 {[%emt 0:00:00]} Rxa2 {[%emt 0:00:00]} 44. Rxd6 {[%emt 0:00:01]} Ra1 {[%emt 0:00:00]} 45. Kd4 {[%emt 0:00:01]} Rd1+ {[%emt 0:00:00]} 46. Ke5 {[%emt 0:00:00]} Rb1 {[%emt 0:00:00]} 47. Rxf6 {[%emt 0:00:01]} Re1+ {[%emt 0:00:00]} 48. Kd6 {[%emt 0:00:01]} Kxf6 {[%emt 0:00:00]} 49. c5 {[%emt 0:00:00]} Rb1 {[%emt 0:00:01]} 50. c6 {[%emt 0:00:00]} Rxb3 {[%emt 0:00:00]} 51. c7 {[%emt 0:00:00]} Rc3 {[%emt 0:00:00]} 52. Kd7 {[%emt 0:00:00]} Rxc7+ {[%emt 0:00:01] Zeit (Lag: Av=0.35s, max=0.4s) .} 0-1

[Event "Stay Safe Play From Home 184"]
[Site "T#646426Emanuel Laske"]
[Date "2020.05.29"]
[Round "9"]
[White "Trotsky"]
[Black "Tolka"]
[Result "1-0"]
[WhiteElo "1545"]
[BlackElo "2252"]
[Annotator "RC"]
[PlyCount "23"]
[EventDate "2020.05.29"]
[EventType "swiss (blitz)"]

1. d4 {[%emt 0:00:01]} d6 {[%emt 0:00:00]} 2. e3 {[%emt 0:00:01]} e5 {[%emt 0:00:01]} 3. c4 {[%emt 0:00:00]} Nf6 {[%emt 0:00:00]} 4. Nc3 {[%emt 0:00:02]} Be7 {[%emt 0:00:01]} 5. Bd3 {[%emt 0:00:01]} Nbd7 {[%emt 0:00:01]} 6. Qc2 {[%emt 0:00:01]} O-O {[%emt 0:00:01]} 7. Nf3 {[%emt 0:00:01]} Re8 {[%emt 0:00:02]} 8. Bd2 {[%emt 0:00:01]} Bf8 {[%emt 0:00:01]} 9. O-O-O {[%emt 0:00:01]} c6 {[%emt 0:00:01]} 10. Ng5 {[%emt 0:00:01]} h6 {[%emt 0:00:01]} 11. Bh7+ {[%emt 0:00:04]} Kh8 {[%emt 0:00:01]} 12. Nxf7# {[%emt 0:00:01] (Lag: Av=0.28s, max=0.5s)} 1-0